| 000 | 00866 a2200265 4500 | ||
|---|---|---|---|
| 999 |
_c200002739 _d15255 |
||
| 001 | 200002739 | ||
| 003 | TR-AnTOB | ||
| 005 | 20231207102045.0 | ||
| 008 | 161108b2009 tu 000 0 | ||
| 020 | _a9756285466 | ||
| 040 |
_aTR-AnTOB _beng _cTR-AnTOB _erda |
||
| 041 | _atur | ||
| 050 | 1 | 4 |
_aHC800 _b.A37 2009 |
| 090 | _aHC800 .A37 2009 | ||
| 245 | 0 | 0 |
_aAfrika'da bölgesel örgütler _b"Kurumsallaşma ve işbirliği" / _ceditör Ufuk Tepebaş. |
| 246 | 1 | 1 | _aRegional organizations in Africa : "Institutionalization and cooperation" |
| 264 | 1 |
_aIstanbul: _bTASAM Yayınları, _c2009. |
|
| 300 |
_a175 p.; _c22 cm. |
||
| 650 | 7 |
_aEkonomik kalkınma projeleri _zAfrika _2etuturkob _972412 |
|
| 650 | 0 |
_aEkonomik kalkınma _zAfrika _991783 |
|
| 651 | 7 |
_aAfrika _xEkonomi politikası _2etuturkob _991785 |
|
| 700 | 1 |
_aTepebaş, Ufuk _972411 |
|
| 942 |
_cBK _2lcc |
||